Statistics for Famous Lyrics

Click here to take the quiz!

General Stats

  • This quiz has been taken 97 times
  • The average score is 13 of 30

Answer Stats

Answer% Correct
I gotta feeling that tonight's gonna be a {good night}
71%
My milkshake brings all the boys to {the yard}
70%
Mama, just {killed a man}, put a gun against his head, pulled my trigger, now he's dead
66%
Rah, rah, ah, ah, ah, roma, roma, ma. Gaga, ooh, la, la... want your {bad romance}
66%
All you need is {love, love. Love} is all you need
63%
Because I'm happy, clap along if you feel like a {room without a roof}
61%
Do you ever feel, like a {plastic bag}, drifting through the wind, wanting to start again?
60%
Billie Jean is not my lover, she's just a girl who claims that {I am the one}
59%
You are my fire, the one desire, believe when I say, I want {it that way}
57%
Lady Gaga
56%
There's vomit on his sweater already, {mom's spaghetti}
49%
Sun-kissed skin, so hot, we'll melt your {popsicle}
46%
Katy Perry
45%
Katy Perry
45%
Michael Jackson
45%
Pharrell Williams
40%
Are we human? Or are we {dancer}? My sign is vital, my hands are cold
37%
Been around the world, don't speak the language. But your booty don't need {explaining}
37%
To the left, to the left, everything you own in the {box to the left}
37%
Backstreet Boys
35%
Beyoncé
35%
Queen
35%
The Black Eyed Peas
35%
Eminem
34%
White lips, pale face, breathing in {snow flakes}
30%
Jason Derulo
27%
Ed Sheeran
24%
The Beatles
22%
The Killers
18%
Kelis
13%

Score Distribution

Percentile by Number Answered

Percent of People with Each Score

Your Score History

You have not taken this quiz